01437nam a2200193 a 450000500170000000800410001704000120005804100080007004400070007810000280008524502660011326000530037930000100043252007020044265000280114465000250117265000210119765000250121820141223145427.0140129b2006 ck ||||| |||| 00| 0 spa d cCO-BoIH aspa ack aRincón B., Sofía A. aPropuesta de criterios ambientales y recomendaciones al proyecto de ley número 030 de 2006 - Senado šPor la cual se dicta el estatuto de desarrollo rural, se reforma el instituto colombiano de desarrollo rural - INCODER - y se dictan otras disposiciones š aBogotábInstituto Alexander von Humboldtc2006 a60 p. aExpone un análisis crítico y una propuesta preliminar de recomendaciones y ajuste al proyecto de ley número 030 de 2006 - Senado: šPor la cual se dicta el estatuto de desarrollo rural, se reforma el instituto colombiano de desarrollo rural - INCODER - y se dictan otras disposiciones. Esta propuesta, relacionada con aspectos ambientales fue construida con base en la revisión de sus contenidos (Principios, objetivos, normas, lineamientos de poítica, mecanismos y procedimientos), plasmados en el artículo aprobado por la Comisión quinta, conceptos y opiniones de diferentes actores y los principios incluidos en diferentes convenios de orden internacional ratificados en Colombia aProyecto de ley No. 030 aAnálisis crítico aDesarrollo rural aAspectos ambientales